=LDR 00000nam 2200000 4500 =001 INLIS000000000024688 =005 20210408073851 =035 ##$$a 0010-061300000024688 =008 210408################g##########0#ind## =041 ##$$a ind =082 ##$$a 338.9 =090 ##$$a 338.9, Doc p =100 ##$$a Latief, Dochak =245 1#$$a Pembangunan Ekonomi dan Kebijakan Ekonomi Global /$c Dochak Latief =260 ##$$a Surakarta :$b Muhammadiyah University Press,$c 2002 =300 ##$$a xiv, 237 hlm ; $c 21x14 cm =650 #4$$a Pembangunan Ekonomi =850 ##$$a NBPNMAT =020 ##$$a 979-636-019-5 =084 ##$$a 338.9 LAT p =250 ##$$a cet.1 =990 ##$$a 20700297 =990 ##$$a 51200491 =990 ##$$a 51200491 =990 ##$$a 20700297